[Event "Hamm - Herford"]
[Site "?"]
[Date "2024.05.05"]
[Round "9.6"]
[White "Klaus, Michael"]
[Black "Vogt, Milad"]
[Result "1/2-1/2"]
[WhiteElo "1957"]
[BlackElo "1856"]
[PlyCount "56"]
[EventDate "2024.??.??"]
[SourceVersionDate "2023.09.25"]

1. d4 Nf6 2. Nf3 d5 3. Bf4 c5 4. e3 Nc6 5. h3 Qb6 6. b3 cxd4 7. exd4 Bf5 8. c3 e6 9. Bd3 Bxd3 10. Qxd3 Ne4 11. O-O Be7 12. Nbd2 Nxd2 13. Nxd2 O-O 14. Nf3 a5 15. Ne5 Nxe5 16. Bxe5 Bd6 17. Bxd6 Qxd6 18. Rfc1 Rfd8 19. Qb5 Qa6 20. Qxa6 Rxa6 21. Kf1 Rc8 22. Ke2 Rac6 23. Kd3 b5 24. Rc2 Kf8 25. Rac1 Ke7 26. c4 dxc4+ 27. bxc4 bxc4+ 28. Rxc4 Kd6 1/2-1/2